000 00214nam a22000857a 4500
001 1243780
005 20251017115211.0
245 _aLİTTLE RED RİDİNG HOOD
_cZEYNEP TAŞDEMİR
260 _bBİNBİR ÇİÇEK YAYINLARI
999 _c1243780
_d1243780